000 00710nam a22002417a 4500
999 _c13935
_d13935
003 AR-CdUCM
008 190417b ||||| |||| 00| 0 spa d
020 _a968-16-1808-4
040 _aMUNICIPALIDAD PROVINCIAL DEL CUSCO
_cBIBLIOTECA MUNICIPAL DEL CUSCO
082 _aES / 373.082 /
_bL36
100 _aLeduc, Renato
_932559
245 _aHistoria de lo inmediato /
260 _aMexico :
_bFondo de cultura economico,
_c1984.
300 _a111 paginas ;
_c21 cm.
500 _aHistoria y leteratura
505 _aContenido: Literatura
650 _aHistoria
_9136
650 _aLiteratura
_983
650 _aSiglo XX
_98
650 _aMexico
_918
942 _2ddc
_cLIBROS
945 _apjha
_d2019-04-17